000 00975nam a2200265Ia 4500
003 OSt
005 20221005105555.0
006 a|||||r|||| 00| 0
007 ta
008 221004b |||||||| |||| 00| 0 hin d
020 _a97808183617888 (hbk)
_c850
024 _a24125
037 _b7326, 07/01/2016, Rajkamal Prakashan Pvt. Ltd.
_cTextual
040 _aCRL
_cCRL
_bhin
041 _2hin
_ahin
082 _aO152,3:gP, Q5
100 _aपुष्पपाल सिंह
245 0 _a21वीं शती का हिन्दी उपन्यास
246 _a21vīan shatī kā hindī upanyāsa
260 _aनई दिल्ली
_bराधाकृष्ण भारत
_c2015
300 _a403पृ0
_ccm.
650 _aहिन्दी साहित्य
942 _hO152,3:gP, Q5
_cTEXL
_2cc
999 _c1016219
_d1016219